00419nam a2200121Ia 4500008004100000245007700041245001700118260000900135650001300144856004800157999001900205952007300224171211s9999 xx 000 0 und d 4aThe Rational Believer: Choices and Decisions in the Madrasas of Pakistan cMasooda Bano c2012 xRELIGION uhttp://down.ebook777.com/063/0801450446.pdf c350586d350586 001040aCLbCLd2017-12-11l0r2017-12-11 00:00:00w2017-12-11yCBE